[Event "ENCI Limburg-open C"]
[Site "Maastricht"]
[Date "2012.05.28"]
[Round "6"]
[White "Bratuszewski, Jorden"]
[Black "Slagter, Maxim"]
[Result "1-0"]
[WhiteElo "1623"]
[BlackElo "1374"]
[PlyCount "97"]
[EventDate "2012.05.25"]
[EventType "swiss"]
[EventRounds "7"]
[EventCountry "NED"]
[Source "P.Boonen"]
[SourceDate "2013.01.01"]

1. c4 e5 2. g3 Nf6 3. Bg2 Bc5 4. e3 O-O 5. Ne2 c6 6. Nbc3 d5 7. cxd5 cxd5 8. d4
exd4 9. exd4 Bb4 10. O-O Bg4 11. Qb3 Bxe2 12. Nxe2 Qe7 13. Qe3 Qxe3 14. Bxe3
Nc6 15. h3 Rac8 16. Nf4 Ne7 17. Nd3 Bd6 18. Rfe1 h6 19. g4 Nc6 20. Rad1 Rfe8
21. Kf1 Rc7 22. Bf4 Rxe1+ 23. Kxe1 Bxf4 24. Nxf4 Ne7 25. Rd3 Rc1+ 26. Rd1 Rc4
27. b3 Rc2 28. Rd2 Rc1+ 29. Ke2 Ne4 30. Bxe4 dxe4 31. d5 Rc8 32. Ke3 Rd8 33.
Kxe4 Kf8 34. h4 g6 35. f3 a6 36. h5 g5 37. Ng2 Kg7 38. Ne3 Nc8 39. Nf5+ Kh7 40.
Rc2 Nb6 41. d6 Rd7 42. Rc7 a5 43. Rxd7 Nxd7 44. Kd4 Nb8 45. a3 Nd7 46. Kc4 Ne5+
47. Kb5 Nc6 48. Kb6 Nd4 49. Nxd4 1-0

[Event "ENCI Limburg-open C"]
[Site "Maastricht"]
[Date "2012.05.28"]
[Round "6"]
[White "Calje, Adrey"]
[Black "Valembois, Pierre"]
[Result "1-0"]
[WhiteElo "1032"]
[BlackElo "1316"]
[PlyCount "61"]
[EventDate "2012.05.25"]
[EventType "swiss"]
[EventRounds "7"]
[EventCountry "NED"]
[Source "P.Boonen"]
[SourceDate "2013.01.01"]

1. e4 d5 2. exd5 Qxd5 3. Nc3 Qa5 4. d4 c6 5. Nf3 Nf6 6. Bd2 Qf5 7. Bd3 Qd7 8.
Qe2 e6 9. a3 Bd6 10. Ne4 Qc7 11. Nxd6+ Qxd6 12. Bb4 Qc7 13. Bc3 b5 14. b4 a5
15. bxa5 Nh5 16. g3 O-O 17. O-O f5 18. Ng5 c5 19. Nxe6 Qe7 20. Qf3 Bxe6 21.
Rfe1 g6 22. Qe2 Nc6 23. Qxe6+ Qxe6 24. Rxe6 cxd4 25. Bd2 Nxa5 26. Bh6 Rfe8 27.
Rae1 Rxe6 28. Rxe6 Nb7 29. Re7 Nc5 30. Bxb5 Ne4 31. Bc4+ 1-0

[Event "ENCI Limburg-open C"]
[Site "Maastricht"]
[Date "2012.05.28"]
[Round "6"]
[White "Calje, Ming Dao"]
[Black "Kumpen, Jona"]
[Result "0-1"]
[WhiteElo "800"]
[BlackElo "1490"]
[PlyCount "70"]
[EventDate "2012.05.25"]
[EventType "swiss"]
[EventRounds "7"]
[EventCountry "NED"]
[Source "P.Boonen"]
[SourceDate "2013.01.01"]

1. e4 Nc6 2. Nf3 d6 3. Bb5 Bd7 4. Nc3 Nf6 5. d3 g6 6. d4 Bg7 7. d5 Nb8 8. Bd3
O-O 9. h3 Re8 10. Bg5 e5 11. Qd2 a6 12. Bh6 Bh8 13. O-O-O b5 14. Be2 b4 15. Nb1
Nxe4 16. Qe3 Nf6 17. Nbd2 Nxd5 18. Qe4 Be6 19. c4 bxc3 20. bxc3 Nd7 21. Qd3 Qb8
22. Qb1 Nxc3 23. Qxb8 Nxe2+ 24. Kc2 Raxb8 25. Rhe1 Nf4 26. Ne4 Nxg2 27. Rg1 Nf4
28. Bxf4 exf4 29. Nfg5 Rb2+ 30. Kd3 Ne5+ 31. Kc3 Nf3+ 32. Kd3 Nxg1 33. Rxg1 Bf5
34. Kc4 Bxe4 35. Re1 d5+ 0-1

[Event "ENCI Limburg-open C"]
[Site "Maastricht"]
[Date "2012.05.28"]
[Round "6"]
[White "Cios, Maciej"]
[Black "Weerts, Rene"]
[Result "0-1"]
[WhiteElo "1528"]
[BlackElo "1560"]
[PlyCount "76"]
[EventDate "2012.05.25"]
[EventType "swiss"]
[EventRounds "7"]
[EventCountry "NED"]
[Source "P.Boonen"]
[SourceDate "2013.01.01"]

1. e4 g6 2. d4 Bg7 3. Nf3 d5 4. e5 e6 5. Nc3 Ne7 6. Bg5 h6 7. Bd2 Nf5 8. Bd3
Nh4 9. O-O Nc6 10. Be3 Nf5 11. Bxf5 exf5 12. Re1 Be6 13. Na4 b6 14. b3 g5 15.
Qd3 Qd7 16. Bc1 O-O 17. c4 Rfe8 18. Nc3 g4 19. cxd5 Bxd5 20. Nh4 Nb4 21. Qd2
Be6 22. Ba3 Nd5 23. Nxd5 Qxd5 24. Qf4 Rad8 25. Nxf5 Bxf5 26. Qxf5 Qxd4 27. Qc2
Bxe5 28. Rad1 Qf4 29. g3 Qf6 30. Re4 Qf3 31. Rde1 Re6 32. Bc1 h5 33. R4e3 Qf6
34. Rd1 Rxd1+ 35. Qxd1 Bd4 36. Re2 Qf3 37. Be3 Rxe3 38. fxe3 Bxe3+ 0-1

[Event "ENCI Limburg-open C"]
[Site "Maastricht"]
[Date "2012.05.28"]
[Round "6"]
[White "Daemen, Jules"]
[Black "Hong, Jeffrey"]
[Result "1-0"]
[WhiteElo "1668"]
[BlackElo "1119"]
[PlyCount "65"]
[EventDate "2012.05.25"]
[EventType "swiss"]
[EventRounds "7"]
[EventCountry "NED"]
[Source "P.Boonen"]
[SourceDate "2013.01.01"]

1. Nc3 g6 2. g3 Bg7 3. Bg2 e6 4. d3 Ne7 5. e4 Nbc6 6. Nge2 O-O 7. h4 f5 8. Bg5
h6 9. Bd2 fxe4 10. dxe4 Ne5 11. Nf4 h5 12. Qe2 c6 13. Nh3 b5 14. O-O Nc4 15.
Bc1 Ba6 16. Rb1 Qc8 17. Qe1 b4 18. Ne2 c5 19. Bg5 Nc6 20. Nhf4 Kh7 21. Qc1 Nd4
22. Nxd4 Bxd4 23. c3 bxc3 24. bxc3 Bg7 25. Re1 Rb8 26. Bf1 Qc6 27. Bxc4 Bxc4
28. Qc2 Rxb1 29. Rxb1 Re8 30. e5 Kg8 31. Qxg6 Rf8 32. Nxh5 Rf7 33. Rb8+ 1-0

[Event "ENCI Limburg-open C"]
[Site "Maastricht"]
[Date "2012.05.28"]
[Round "6"]
[White "De Boer, Guus"]
[Black "Vellekoop, Kees"]
[Result "1-0"]
[WhiteElo "1647"]
[BlackElo "1648"]
[PlyCount "73"]
[EventDate "2012.05.25"]
[EventType "swiss"]
[EventRounds "7"]
[EventCountry "NED"]
[Source "P.Boonen"]
[SourceDate "2013.01.01"]

1. d4 Nf6 2. Nf3 b5 3. Bf4 Bb7 4. e3 b4 5. Nbd2 e6 6. Bd3 Be7 7. h3 h6 8. O-O
g5 9. Be5 d6 10. Bg3 g4 11. hxg4 Nxg4 12. e4 h5 13. c4 Nd7 14. Rc1 e5 15. Nb3
exd4 16. Nfxd4 Ndf6 17. Re1 Ne5 18. Bxe5 dxe5 19. Nf5 a5 20. Qe2 a4 21. Nd2 Bc5
22. Nf3 Ng4 23. Rf1 Qf6 24. Ne3 O-O-O 25. Nd5 Qg7 26. Nh4 Qg5 27. Nf3 Qg7 28.
Nh4 Bxd5 29. cxd5 Bb6 30. Ba6+ Kb8 31. Qb5 Nxf2 32. Rxf2 Qf6 33. Nf5 Rh6 34.
Rc6 Rd6 35. Rxd6 Qxd6 36. Nxd6 Rxd6 37. Kh1 1-0

[Event "ENCI Limburg-open C"]
[Site "Maastricht"]
[Date "2012.05.28"]
[Round "6"]
[White "De Bruin, Joost"]
[Black "Nissel, Andreas"]
[Result "1-0"]
[WhiteElo "1729"]
[BlackElo "1698"]
[PlyCount "105"]
[EventDate "2012.05.25"]
[EventType "swiss"]
[EventRounds "7"]
[EventCountry "NED"]
[Source "P.Boonen"]
[SourceDate "2013.01.01"]

1. e4 e6 2. d4 d5 3. e5 c5 4. c3 Nc6 5. Nf3 Qb6 6. Bd3 Bd7 7. O-O cxd4 8. cxd4
Nxd4 9. Nxd4 Qxd4 10. Nc3 a6 11. Qe2 Ne7 12. Kh1 g6 13. f4 Qb6 14. Be3 Qd8 15.
Rad1 Bc6 16. f5 gxf5 17. Bg5 Qd7 18. Qh5 h6 19. Ne4 dxe4 20. Bxe4 Nd5 21. Bxf5
Be7 22. Bxe7 Qxe7 23. Bg6 fxg6 24. Qxg6+ Kd8 25. Rf7 Qe8 26. Qg7 Kc8 27. Rdf1
Qd8 28. Qxh8 Qxh8 29. Rf8+ Qxf8 30. Rxf8+ Kd7 31. Rxa8 Ne3 32. Kg1 Bxg2 33. Kf2
Bd5 34. Kxe3 Bxa2 35. Rh8 Bb1 36. Rxh6 Bf5 37. Kd4 b6 38. Rh8 a5 39. Kc4 Kc6
40. Rc8+ Kb7 41. Rd8 Bh3 42. Kc3 Kc6 43. Rd3 Bf5 44. Rd6+ Kc5 45. h4 b5 46. b3
Bg4 47. Rd2 Bf5 48. h5 b4+ 49. Kb2 Kc6 50. h6 Bh7 51. Rd6+ Kc5 52. Rxe6 Kd5 53.
Re7 1-0

[Event "ENCI Limburg-open C"]
[Site "Maastricht"]
[Date "2012.05.28"]
[Round "6"]
[White "De Mon, Gino"]
[Black "Lammes, Pim"]
[Result "1/2-1/2"]
[WhiteElo "1172"]
[BlackElo "1613"]
[PlyCount "110"]
[EventDate "2012.05.25"]
[EventType "swiss"]
[EventRounds "7"]
[EventCountry "NED"]
[Source "P.Boonen"]
[SourceDate "2013.01.01"]

1. e4 e5 2. Nf3 Nc6 3. Nc3 Nf6 4. Bc4 Be7 5. d3 d6 6. h3 Na5 7. Bb5+ c6 8. Ba4
b5 9. b4 bxa4 10. bxa5 Qxa5 11. Bd2 Qa6 12. Rb1 Bd7 13. a3 O-O 14. Na2 c5 15.
c4 Rab8 16. O-O Rb6 17. Nc3 Rfb8 18. Qc2 h6 19. Kh2 Bd8 20. Nh4 Nxe4 21. dxe4
Bxh4 22. g3 Bd8 23. Nd5 Rb3 24. Rxb3 Rxb3 25. Qc1 Be6 26. f4 Bxd5 27. exd5 f6
28. fxe5 dxe5 29. Be3 Qb6 30. Rd1 Be7 31. h4 Bd6 32. Bxh6 Rb2+ 33. Rd2 Rxd2+
34. Qxd2 Qb3 35. Qa5 Qxc4 36. Qd8+ Bf8 37. d6 Qc2+ 38. Kh3 Qf5+ 39. Kg2 Qe6 40.
Bxg7 Kxg7 41. Qc7+ Kg6 42. d7 Be7 43. h5+ Kh6 44. Qc8 Qf7 45. Qe8 Qg7 46. Kf3
c4 47. Ke4 Qg4+ 48. Kd5 Qg7 49. Ke6 c3 50. Qxe7 Qxe7+ 51. Kxe7 c2 52. d8=Q c1=Q
53. Qh8+ Kg5 54. Qxf6+ Kxh5 55. Qxe5+ Kg4 1/2-1/2

[Event "ENCI Limburg-open C"]
[Site "Maastricht"]
[Date "2012.05.28"]
[Round "6"]
[White "De Vries, Paul1"]
[Black "Dekens, Joop"]
[Result "0-1"]
[WhiteElo "1476"]
[BlackElo "1594"]
[PlyCount "70"]
[EventDate "2012.05.25"]
[EventType "swiss"]
[EventRounds "7"]
[EventCountry "NED"]
[Source "P.Boonen"]
[SourceDate "2013.01.01"]

1. d4 d5 2. e3 Nf6 3. Bd3 g6 4. Nd2 Bg7 5. Ngf3 O-O 6. O-O Bg4 7. c4 c6 8. b3
Nbd7 9. Bb2 c5 10. h3 Bxf3 11. Nxf3 e6 12. Qe2 Re8 13. Rfd1 Rc8 14. Rac1 Qa5
15. Bc2 Qxa2 16. Bc3 Qa6 17. Ra1 Qb6 18. Ba5 Qc6 19. Bc3 dxc4 20. Rxa7 cxb3 21.
Bxb3 c4 22. Bc2 Nd5 23. Qe1 Bf8 24. Rda1 b5 25. R1a6 N7b6 26. Ba5 Ra8 27. Ne5
Qd6 28. Rxa8 Rxa8 29. Rxa8 Nxa8 30. Qa1 Qa6 31. e4 Nf4 32. Nd7 Bb4 33. Nc5 Qxa5
34. Qxa5 Bxa5 35. Nb7 Ne2+ 0-1

[Event "ENCI Limburg-open C"]
[Site "Maastricht"]
[Date "2012.05.28"]
[Round "6"]
[White "Deniz, Patrick"]
[Black "Beukema, Christiaan"]
[Result "0-1"]
[WhiteElo "800"]
[BlackElo "1146"]
[PlyCount "54"]
[EventDate "2012.05.25"]
[EventType "swiss"]
[EventRounds "7"]
[EventCountry "NED"]
[Source "P.Boonen"]
[SourceDate "2013.01.01"]

1. e4 e5 2. Nc3 Bc5 3. Bc4 Nc6 4. d3 d6 5. h3 Qh4 6. g3 Qd8 7. Nd5 Nge7 8. f4
exf4 9. Bxf4 Nxd5 10. Bxd5 Qf6 11. Qf3 Bxg1 12. Rxg1 g5 13. Bxc6+ bxc6 14. e5
dxe5 15. O-O-O exf4 16. Rde1+ Kf8 17. g4 Rb8 18. b3 Bb7 19. d4 Qxd4 20. Rd1
Qa1+ 21. Kd2 Rd8+ 22. Ke1 Rxd1+ 23. Qxd1 Qc3+ 24. Ke2 Ba6+ 25. Kf2 Qe3+ 26. Kg2
Qg3+ 27. Kh1 Qxh3# 0-1

[Event "ENCI Limburg-open C"]
[Site "Maastricht"]
[Date "2012.05.28"]
[Round "6"]
[White "Dethier, Krista"]
[Black "Hoornstra, Ischa"]
[Result "1-0"]
[WhiteElo "1228"]
[BlackElo "983"]
[PlyCount "41"]
[EventDate "2012.05.25"]
[EventType "swiss"]
[EventRounds "7"]
[EventCountry "NED"]
[Source "P.Boonen"]
[SourceDate "2013.01.01"]

1. d4 d5 2. g3 Nf6 3. Bg2 Bf5 4. Nf3 e6 5. O-O Nc6 6. Nbd2 Bd6 7. b3 Qe7 8. Bb2
O-O-O 9. Ne5 Nb8 10. Rc1 h5 11. c4 c5 12. cxd5 Bxe5 13. dxe5 Nfd7 14. d6 Qg5
15. f4 Qg6 16. Bd4 b6 17. b4 Na6 18. Qa4 Nxb4 19. Qxa7 Nd5 20. e4 Nb4 21. exf5
1-0

[Event "ENCI Limburg-open C"]
[Site "Maastricht"]
[Date "2012.05.28"]
[Round "6"]
[White "Dijkhuis, Oele"]
[Black "Steenman, Tomas"]
[Result "1/2-1/2"]
[WhiteElo "988"]
[BlackElo "1208"]
[PlyCount "55"]
[EventDate "2012.05.25"]
[EventType "swiss"]
[EventRounds "7"]
[EventCountry "NED"]
[Source "P.Boonen"]
[SourceDate "2013.01.01"]

1. e4 c5 2. Nf3 g6 3. d4 b6 4. Bc4 Bb7 5. Ne5 e6 6. Nc3 Bg7 7. Bf4 a6 8. a4 d6
9. Nf3 cxd4 10. Bg5 f6 11. Nxd4 fxg5 12. Nxe6 Bxc3+ 13. bxc3 Qe7 14. O-O Bc8
15. Nd4 Bd7 16. Re1 Nc6 17. Bd5 Rc8 18. Qd2 Nxd4 19. Qxd4 Qe5 20. Qxb6 Ne7 21.
Qxa6 Rf8 22. c4 Qd4 23. Rf1 Rxf2 24. Rxf2 Qxa1+ 25. Rf1 Qd4+ 26. Kh1 Qe5 27.
Bf7+ Kd8 28. Qb6+ 1/2-1/2

[Event "ENCI Limburg-open C"]
[Site "Maastricht"]
[Date "2012.05.28"]
[Round "6"]
[White "Dijksman, Sebastiaan"]
[Black "Boer, Jan"]
[Result "0-1"]
[WhiteElo "1654"]
[BlackElo "1730"]
[PlyCount "108"]
[EventDate "2012.05.25"]
[EventType "swiss"]
[EventRounds "7"]
[EventCountry "NED"]
[Source "P.Boonen"]
[SourceDate "2013.01.01"]

1. d4 Nf6 2. c4 e6 3. Nc3 d5 4. Bf4 c6 5. e3 Bb4 6. Qb3 Qa5 7. Rc1 Ne4 8. Nf3
Nd7 9. Bd3 Ndf6 10. O-O Nxc3 11. bxc3 Ba3 12. Rb1 dxc4 13. Qxc4 Nd5 14. Rfc1
Bxc1 15. Rxc1 O-O 16. Bg3 Bd7 17. e4 Nb6 18. Qb3 Rac8 19. Qc2 c5 20. Bd6 Ba4
21. Qd2 Rfd8 22. e5 cxd4 23. Bb4 Qd5 24. cxd4 Rxc1+ 25. Qxc1 Qxa2 26. h4 Rc8
27. Qg5 h6 28. Qe7 Bc6 29. Bc5 Nd5 30. Qd6 Qa5 31. Ba3 Rd8 32. Qc5 Qxc5 33.
Bxc5 b6 34. Bd6 Nf4 35. Ba6 b5 36. Bc5 Rd7 37. Kf1 Nd3 38. Bd6 f6 39. Bc8 Rd8
40. Bxe6+ Kh8 41. Be7 Nf4 42. Bf5 Bxf3 43. Bxd8 Bxg2+ 44. Kg1 fxe5 45. dxe5 Bd5
46. Kh2 b4 47. Kg3 Ne2+ 48. Kg4 Nd4 49. Bd3 b3 50. f4 b2 51. Ba5 Be6+ 52. Kg3
Bf5 53. e6 Bxd3 54. e7 Bg6 0-1

[Event "ENCI Limburg-open C"]
[Site "Maastricht"]
[Date "2012.05.28"]
[Round "6"]
[White "Elisen, Peter"]
[Black "De Ridder, Yulian"]
[Result "0-1"]
[WhiteElo "1431"]
[BlackElo "1137"]
[PlyCount "80"]
[EventDate "2012.05.25"]
[EventType "swiss"]
[EventRounds "7"]
[EventCountry "NED"]
[Source "P.Boonen"]
[SourceDate "2013.01.01"]

1. c4 e5 2. Nc3 Nf6 3. g3 c6 4. Bg2 d5 5. Qb3 Be6 6. cxd5 Nxd5 7. Nxd5 Bxd5 8.
Bxd5 Qxd5 9. Qf3 Bc5 10. e4 Qe6 11. Ne2 O-O 12. O-O f5 13. Qc3 Nd7 14. d4 exd4
15. Nxd4 Qxe4 16. Nb3 Ne5 17. Nd2 Qd5 18. Qb3 Qxb3 19. Nxb3 Bd6 20. f4 Ng4 21.
h3 Nf6 22. Be3 Rfe8 23. Rfe1 Ne4 24. Rad1 Bb4 25. Bd2 Bxd2 26. Nxd2 Nxg3 27.
Kg2 Nh5 28. Kf3 Rad8 29. Nc4 Rxe1 30. Rxd8+ Kf7 31. Ne3 Ra1 32. a3 Nf6 33. Ra8
Rb1 34. b4 Rb3 35. Rxa7 Nd5 36. Rxb7+ Kf6 37. a4 Rxe3+ 38. Kf2 Ra3 39. a5 Ra4
40. a6 Rxa6 0-1

[Event "ENCI Limburg-open C"]
[Site "Maastricht"]
[Date "2012.05.28"]
[Round "6"]
[White "Geene, Patrick"]
[Black "Van Rossum, Pia"]
[Result "1-0"]
[WhiteElo "1511"]
[BlackElo "1616"]
[PlyCount "87"]
[EventDate "2012.05.25"]
[EventType "swiss"]
[EventRounds "7"]
[EventCountry "NED"]
[Source "P.Boonen"]
[SourceDate "2013.01.01"]

1. e4 e5 2. Nf3 Nc6 3. Bc4 Bc5 4. d3 a6 5. Nc3 Nf6 6. Bg5 d6 7. Nd5 Be6 8. Bb3
h6 9. Nxf6+ gxf6 10. Be3 Bxe3 11. fxe3 Bxb3 12. axb3 Qd7 13. Nh4 O-O-O 14. Rf1
Qe7 15. Kd2 Rdg8 16. g3 h5 17. Qf3 Qd7 18. Qxf6 Kb8 19. Qxf7 Qh3 20. Qf2 Rf8
21. Qg2 Qg4 22. Rxf8+ Rxf8 23. Rf1 Rxf1 24. Qxf1 b6 25. Qf5 Kb7 26. Qxg4 hxg4
27. Nf5 Nd8 28. Nh6 Ne6 29. Nxg4 Ng5 30. Ke2 Kc6 31. Nf6 Kb7 32. h4 Nf7 33. g4
Kc8 34. g5 Kd8 35. g6 Nh6 36. g7 Ke7 37. g8=Q Nxg8 38. Nxg8+ Kf7 39. Nh6+ Kg7
40. Nf5+ Kh7 41. Kf3 c6 42. Kg3 d5 43. exd5 cxd5 44. Ne7 1-0

[Event "ENCI Limburg-open C"]
[Site "Maastricht"]
[Date "2012.05.28"]
[Round "6"]
[White "Gerlagh, Reyer"]
[Black "De Lange, Gerard"]
[Result "0-1"]
[WhiteElo "1327"]
[BlackElo "1630"]
[PlyCount "126"]
[EventDate "2012.05.25"]
[EventType "swiss"]
[EventRounds "7"]
[EventCountry "NED"]
[Source "P.Boonen"]
[SourceDate "2013.01.01"]

1. e4 Nf6 2. e5 Nd5 3. c4 Nb6 4. b3 d6 5. exd6 cxd6 6. Nf3 e5 7. Nc3 Be7 8. Be2
Nc6 9. O-O Be6 10. d4 Bd7 11. dxe5 dxe5 12. Bb2 O-O 13. Re1 Bf5 14. Nd5 Nxd5
15. Qxd5 Qc7 16. Bxe5 Nxe5 17. Qxe5 Qxe5 18. Nxe5 Bf6 19. f4 Rfe8 20. Bf3 Re7
21. Ng4 Bd4+ 22. Kh1 Rae8 23. Rxe7 Rxe7 24. Rd1 Bc2 25. Rf1 h5 26. Ne5 f6 27.
Bd5+ Kf8 28. Nf3 Bc5 29. Re1 Rxe1+ 30. Nxe1 Bb1 31. Bxb7 Bxa2 32. Nd3 Be3 33.
c5 Bxb3 34. c6 Bd5 35. Nb4 Be4 36. Na2 Bxf4 37. Nc3 f5 38. Nxe4 fxe4 39. Kg1 a5
40. g3 Bc7 41. Ba6 Ke7 42. Kf2 a4 43. Ke3 a3 44. Bc4 Kd6 45. Kxe4 Kxc6 46. Kf5
Kc5 47. Bf7 Kb4 48. Kg6 Be5 49. Kxh5 Kc3 50. Kg4 Kb2 51. h4 a2 52. Bxa2 Kxa2
53. h5 Kb3 54. Kf3 Kc4 55. g4 Kd5 56. g5 Ke6 57. Kg4 Bd6 58. g6 Kf6 59. Kh4 Bf4
60. Kg4 Bh6 61. Kf3 Kg5 62. Ke4 Kxh5 63. Kf5 Bc1 0-1

[Event "ENCI Limburg-open C"]
[Site "Maastricht"]
[Date "2012.05.28"]
[Round "6"]
[White "Godding, Mick"]
[Black "Reyskens, Jules"]
[Result "0-1"]
[WhiteElo "1636"]
[BlackElo "1737"]
[PlyCount "60"]
[EventDate "2012.05.25"]
[EventType "swiss"]
[EventRounds "7"]
[EventCountry "NED"]
[Source "P.Boonen"]
[SourceDate "2013.01.01"]

1. e4 e5 2. Bc4 Nf6 3. d3 Nc6 4. Nf3 Bc5 5. Nc3 d6 6. Be3 Bb6 7. h3 Bd7 8. Qd2
Qe7 9. Ng5 O-O 10. O-O Na5 11. b3 Nxc4 12. bxc4 h6 13. Nf3 Be6 14. Nd5 Nxd5 15.
cxd5 Bd7 16. Nh2 f5 17. Bxb6 axb6 18. f3 f4 19. Ng4 h5 20. Nf2 Qh4 21. Nh1 Qg5
22. Kh2 Rf6 23. Rf2 h4 24. c3 Rg6 25. Rg1 Kf7 26. Re2 Bxh3 27. Kxh3 Qg3+ 28.
Nxg3 hxg3 29. Qxf4+ exf4 30. e5 Rh8# 0-1

[Event "ENCI Limburg-open C"]
[Site "Maastricht"]
[Date "2012.05.28"]
[Round "6"]
[White "Heman, Frans"]
[Black "Chang, Hawkie"]
[Result "0-1"]
[WhiteElo "1550"]
[BlackElo "1581"]
[PlyCount "110"]
[EventDate "2012.05.25"]
[EventType "swiss"]
[EventRounds "7"]
[EventCountry "NED"]
[Source "P.Boonen"]
[SourceDate "2013.01.01"]

1. f4 c5 2. Nf3 d5 3. e3 Nc6 4. Bb5 Bd7 5. Bxc6 Bxc6 6. O-O Nf6 7. d3 g6 8.
Nbd2 Bg7 9. Ne5 Rc8 10. Ndf3 Nd7 11. Nxc6 Rxc6 12. Rb1 O-O 13. Qe1 b6 14. Qh4
e5 15. Qxd8 Rxd8 16. fxe5 Nxe5 17. Nxe5 Bxe5 18. Bd2 c4 19. d4 Bg7 20. Rf3 Re6
21. Re1 Rde8 22. h3 Bxd4 23. exd4 Rxe1+ 24. Bxe1 Rxe1+ 25. Kf2 Rc1 26. Ra3 Rd1
27. Ke3 Re1+ 28. Kf3 Re4 29. Re3 Rxe3+ 30. Kxe3 Kg7 31. Kf4 Kf6 32. h4 h6 33.
c3 g5+ 34. hxg5+ hxg5+ 35. Kf3 Kg6 36. g3 f5 37. b3 cxb3 38. axb3 b5 39. b4 Kf6
40. Ke3 Ke6 41. Kf3 Kd6 42. Ke3 Kc6 43. Kf2 Kb6 44. Ke2 a5 45. bxa5+ Kxa5 46.
Kd3 Ka4 47. Kc2 Ka3 48. Kd3 Kb3 49. Kd2 f4 50. gxf4 gxf4 51. Kd3 f3 52. Ke3
Kxc3 53. Kxf3 b4 54. Ke2 b3 55. Kd1 b2 0-1

[Event "ENCI Limburg-open C"]
[Site "Maastricht"]
[Date "2012.05.28"]
[Round "6"]
[White "Heuts, Guido"]
[Black "Hoferichter, Michael"]
[Result "1/2-1/2"]
[WhiteElo "1374"]
[BlackElo "1188"]
[PlyCount "57"]
[EventDate "2012.05.25"]
[EventType "swiss"]
[EventRounds "7"]
[EventCountry "NED"]
[Source "P.Boonen"]
[SourceDate "2013.01.01"]

1. d4 Nf6 2. Nc3 e6 3. Bg5 d5 4. e4 dxe4 5. Nxe4 Nbd7 6. Nf3 h6 7. Nxf6+ gxf6
8. Bh4 Be7 9. Qd2 Nb6 10. O-O-O Qd5 11. Kb1 Bd7 12. Bg3 O-O-O 13. Ne1 Bb5 14.
Bxb5 Qxb5 15. Qc3 Bd6 16. Bxd6 Rxd6 17. Nf3 Nd5 18. Qd2 Rc6 19. Rc1 Nc3+ 20.
Ka1 Nxa2 21. Kxa2 Ra6+ 22. Kb1 Qa4 23. c3 Qb3 24. d5 Ra2 25. Nd4 Qa4 26. Nc2
Rd8 27. Na3 Qxa3 28. bxa3 Rxd2 29. dxe6 1/2-1/2

[Event "ENCI Limburg-open C"]
[Site "Maastricht"]
[Date "2012.05.28"]
[Round "6"]
[White "Jacobs, Tobias"]
[Black "De Leeuw, Bart"]
[Result "0-1"]
[WhiteElo "1416"]
[BlackElo "1678"]
[PlyCount "48"]
[EventDate "2012.05.25"]
[EventType "swiss"]
[EventRounds "7"]
[EventCountry "NED"]
[Source "P.Boonen"]
[SourceDate "2013.01.01"]

1. e4 e6 2. d4 d5 3. e5 c5 4. c3 Nc6 5. Nf3 Qb6 6. Be2 cxd4 7. cxd4 Nge7 8. Nc3
Nf5 9. O-O Nfxd4 10. Nxd4 Qxd4 11. Qxd4 Nxd4 12. Bd3 a6 13. Be3 Nc6 14. Na4
Nxe5 15. Be2 Nd7 16. f4 b5 17. Nc3 Bd6 18. f5 O-O 19. Bg4 Nf6 20. Bh3 Be5 21.
Bc5 Re8 22. Rae1 Bc7 23. Bd4 e5 24. Bc5 Bb7 0-1

[Event "ENCI Limburg-open C"]
[Site "Maastricht"]
[Date "2012.05.28"]
[Round "6"]
[White "Janssen, Fynn"]
[Black "Dedoncker, Pieter"]
[Result "1-0"]
[WhiteElo "935"]
[BlackElo "1106"]
[PlyCount "125"]
[EventDate "2012.05.25"]
[EventType "swiss"]
[EventRounds "7"]
[EventCountry "NED"]
[Source "P.Boonen"]
[SourceDate "2013.01.01"]

1. e4 e5 2. Nf3 Nc6 3. d4 exd4 4. Nxd4 Bc5 5. Be3 Qf6 6. c3 b6 7. b4 Nxd4 8.
Bxd4 Bxd4 9. Qxd4 d6 10. Bb5+ Kf8 11. Qxf6 Nxf6 12. Bc6 Rb8 13. Nd2 g6 14. O-O
Kg7 15. Rfe1 Bd7 16. Bd5 c6 17. Bb3 Rhe8 18. f3 Nh5 19. g3 f5 20. Kg2 f4 21. g4
Nf6 22. Nc4 Re6 23. Nb2 Re7 24. Nd3 Rbe8 25. Nxf4 d5 26. e5 Rxe5 27. Rxe5 Rxe5
28. h3 g5 29. Nd3 Re2+ 30. Nf2 c5 31. Rc1 c4 32. Bc2 h5 33. Kf1 Re3 34. Bd1
hxg4 35. hxg4 Be8 36. Nh3 Kh6 37. Kf2 Nxg4+ 38. fxg4 Rxh3 39. Bf3 Rh2+ 40. Ke3
Rxa2 41. Bxd5 b5 42. Be6 a5 43. bxa5 Rxa5 44. Kd4 Kg6 45. Bf5+ Kf6 46. Kc5 Ra3
47. Kb4 Rb3+ 48. Kc5 Ke5 49. Re1+ Kf4 50. Rxe8 Rxc3 51. Kxb5 Rc1 52. Re4+ Kf3
53. Rxc4 Rxc4 54. Kxc4 Kf4 55. Kd5 Kg3 56. Ke6 Kf4 57. Kf6 Kg3 58. Kxg5 Kh3 59.
Kf6 Kh4 60. g5 Kh5 61. g6 Kh6 62. g7 Kh5 63. g8=Q 1-0

[Event "ENCI Limburg-open C"]
[Site "Maastricht"]
[Date "2012.05.28"]
[Round "6"]
[White "Kaiser, Anton"]
[Black "Van Ee, Winston"]
[Result "0-1"]
[WhiteElo "1192"]
[BlackElo "1484"]
[PlyCount "84"]
[EventDate "2012.05.25"]
[EventType "swiss"]
[EventRounds "7"]
[EventCountry "NED"]
[Source "P.Boonen"]
[SourceDate "2013.01.01"]

1. Nf3 Nc6 2. c4 e5 3. e4 d6 4. b3 Nf6 5. Nc3 Bg4 6. Be2 Be7 7. O-O Qd7 8. Bb2
h5 9. Nh4 Bxe2 10. Qxe2 Nd4 11. Qd3 g5 12. Nf5 Nxf5 13. exf5 O-O-O 14. Qe3 Kb8
15. Nb5 b6 16. a4 Qxf5 17. f3 Qf4 18. a5 Qxe3+ 19. dxe3 c6 20. Nc3 Nd7 21. b4
bxa5 22. Rxa5 Nb6 23. Rfa1 Rd7 24. b5 Nxc4 25. bxc6 Nxa5 26. cxd7 Nc4 27. Bc1
Rd8 28. Nd5 Rxd7 29. Rb1+ Ka8 30. e4 Bd8 31. Rb4 Nb6 32. Nc3 d5 33. exd5 Nxd5
34. Nxd5 Rxd5 35. Bb2 Bb6+ 36. Kf1 Bd4 37. Bc1 Bc3 38. Re4 Rd1+ 39. Ke2 Rxc1
40. Kd3 Bd4 41. Re2 a5 42. Ra2 Ra1 0-1

[Event "ENCI Limburg-open C"]
[Site "Maastricht"]
[Date "2012.05.28"]
[Round "6"]
[White "Kalkman de Koster, Franzke"]
[Black "Swijsen, Willy"]
[Result "1-0"]
[WhiteElo "1623"]
[BlackElo "1567"]
[PlyCount "103"]
[EventDate "2012.05.25"]
[EventType "swiss"]
[EventRounds "7"]
[EventCountry "NED"]
[Source "P.Boonen"]
[SourceDate "2013.01.01"]

1. d4 Nf6 2. c4 e5 3. a3 exd4 4. Qxd4 Nc6 5. Qd1 g6 6. Nf3 Bg7 7. Nc3 O-O 8.
Qc2 Re8 9. Bg5 Ne5 10. Nxe5 Rxe5 11. Bf4 Re8 12. Bg5 c6 13. e3 d6 14. Be2 Qb6
15. O-O Be6 16. e4 d5 17. exd5 cxd5 18. Bxf6 Bxf6 19. Na4 Qc6 20. Rac1 Bf5 21.
Qd1 Rxe2 22. Qxe2 Qxa4 23. cxd5 Bxb2 24. Qxb2 Qd7 25. Rfd1 Re8 26. d6 Bh3 27.
f3 Bf5 28. Qd2 Qb5 29. Kf2 Bd7 30. Re1 Qb6+ 31. Kg3 Rd8 32. Rc7 Be6 33. Qb4
Rxd6 34. Rxb7 Qxb4 35. axb4 Rb6 36. Rxb6 axb6 37. Kf4 b5 38. Ke5 Kg7 39. Kd4
Kf6 40. f4 Kf5 41. g3 h5 42. Re5+ Kg4 43. Rxb5 Kh3 44. Rc5 Bd7 45. b5 Bxb5 46.
Rxb5 Kxh2 47. Rb3 Kh3 48. Ke5 f5 49. Kf6 h4 50. gxh4+ Kxh4 51. Kxg6 Kg4 52. Rb4
1-0

[Event "ENCI Limburg-open C"]
[Site "Maastricht"]
[Date "2012.05.28"]
[Round "6"]
[White "Klokgieters, Dick"]
[Black "Havenith, Julia"]
[Result "1/2-1/2"]
[WhiteElo "1534"]
[BlackElo "1377"]
[PlyCount "54"]
[EventDate "2012.05.25"]
[EventType "swiss"]
[EventRounds "7"]
[EventCountry "NED"]
[Source "P.Boonen"]
[SourceDate "2013.01.01"]

1. d4 Nf6 2. g3 g6 3. Bg2 Bg7 4. c3 O-O 5. Nf3 e6 6. Nbd2 d5 7. O-O Nbd7 8. Re1
Nh5 9. e4 dxe4 10. Nxe4 Re8 11. Be3 f5 12. Bg5 Nhf6 13. Ned2 h6 14. Bxf6 Qxf6
15. Ne5 Nxe5 16. dxe5 Qf7 17. Qb3 Rb8 18. Rad1 Rd8 19. Nc4 Rxd1 20. Qxd1 Qd7
21. f4 b6 22. Qxd7 Bxd7 23. Rd1 Be8 24. b4 Bb5 25. Ne3 Be8 26. c4 a6 27. Rd2
Bf8 1/2-1/2